[Event "Gibraltar Amateurs op-B"]
[Site "Gibraltar"]
[Date "2008.01.31"]
[Round "5"]
[White "Dimitrov, Daniel"]
[Black "Garcia Lechugo, Francisco"]
[Result "1-0"]
[WhiteElo "1600"]
[BlackElo "1515"]
[PlyCount "73"]
[EventDate "2008.01.27"]
[EventType "tourn"]
[EventRounds "5"]
[EventCountry "ENG"]
[SourceTitle "EXT 2010"]
[Source "ChessBase"]
[SourceDate "2010.11.25"]
[SourceVersion "1"]
[SourceVersionDate "2010.11.25"]
[SourceQuality "1"]

1. e4 g6 2. Nc3 Bg7 3. g3 e5 4. d3 Nc6 5. Bg2 d6 6. Nge2 Bg4 7. 0-0 Qd7 8. f4 Bh3 9. f5 Bxg2 10. Kxg2 0-0-0 11. Be3 Nd4 12. Bxd4 exd4 13. Nd5 Be5 14. Qd2 h5 15. fxg6 fxg6 16. Qg5 Qg4 17. Qxg4+ hxg4 18. Rf7 Rd7 19. Rf8+ Rd8 20. Rf7 Rd7 21. Raf1 Nh6 22. Rf8+ Rxf8 23. Rxf8+ Rd8 24. Ne7+ Kd7 25. Nxg6 Rxf8 26. Nxf8+ Ke7 27. Ng6+ Kf6 28. Nh4 a6 29. h3 Kg5 30. hxg4 Nxg4 31. Nf3+ Kg6 32. Nexd4 c5 33. Nxe5+ dxe5 34. Nf5 Nf6 35. Nd6 b5 36. Kf3 Kg5 37. Nf7+ 1-0

[Event "Gibraltar Amateurs op-B"]
[Site "Gibraltar"]
[Date "2008.01.29"]
[Round "3"]
[White "Dimitrov, Daniel"]
[Black "Andersen, Glenn"]
[Result "1-0"]
[WhiteElo "1600"]
[BlackElo "1200"]
[PlyCount "69"]
[EventDate "2008.01.27"]
[EventType "tourn"]
[EventRounds "5"]
[EventCountry "ENG"]
[SourceTitle "EXT 2010"]
[Source "ChessBase"]
[SourceDate "2010.11.25"]
[SourceVersion "1"]
[SourceVersionDate "2010.11.25"]
[SourceQuality "1"]

1. f4 d6 2. Nf3 c5 3. e3 g6 4. d4 cxd4 5. exd4 Bg7 6. Bc4 Nf6 7. 0-0 0-0 8. c3 Bg4 9. h3 Bc8 10. Nh4 d5 11. Bd3 e6 12. Nd2 Qc7 13. Qe1 Nc6 14. Ndf3 h6 15. Ne5 Ne7 16. g4 h5 17. Bd2 b6 18. Qe3 a5 19. Rae1 Ba6 20. Rf2 Bxd3 21. Qxd3 Ne4 22. Rxe4 dxe4 23. Qxe4 f5 24. gxf5 exf5 25. Qg2 Bxe5 26. fxe5 Kh7 27. Qg5 Rh8 28. Bf4 Qd7 29. Re2 Rae8 30. e6 Qb5 31. Kf2 Qd5 32. Be5 f4 33. Qf6 Kh6 34. Bxf4+ Kh7 35. Qf7# 1-0

[Event "Gibraltar Amateurs op-A"]
[Site "Gibraltar"]
[Date "2008.01.26"]
[Round "5"]
[White "Kuenitz, Klaus"]
[Black "Dimitrov, Daniel"]
[Result "1-0"]
[WhiteElo "1674"]
[BlackElo "1000"]
[PlyCount "44"]
[EventDate "2008.01.22"]
[EventType "tourn"]
[EventRounds "5"]
[EventCountry "ENG"]
[SourceTitle "EXT 2010"]
[Source "ChessBase"]
[SourceDate "2010.11.25"]
[SourceVersion "1"]
[SourceVersionDate "2010.11.25"]
[SourceQuality "1"]

1. d4 d6 2. d5 Nd7 3. c4 e5 4. dxe6 fxe6 5. e4 Ngf6 6. Bg5 Be7 7. Nc3 0-0 8. Nf3 Nc5 9. e5 Nfe4 10. Nxe4 Nxe4 11. Bxe7 Qxe7 12. Bd3 Ng5 13. Nxg5 Qxg5 14. Qe2 d5 15. 0-0 c5 16. Kh1 Bd7 17. f4 Rxf4 18. Rxf4 Qxf4 19. Rf1 Qh6 20. Qf3 g5 21. Qf7+ Kh8 22. Qxd7 Rf8 1-0

[Event "Gibraltar Amateurs op-A"]
[Site "Gibraltar"]
[Date "2008.01.25"]
[Round "4"]
[White "Dimitrov, Daniel"]
[Black "Garcia, Mario"]
[Result "1-0"]
[WhiteElo "1000"]
[BlackElo "1663"]
[PlyCount "83"]
[EventDate "2008.01.22"]
[EventType "tourn"]
[EventRounds "5"]
[EventCountry "ENG"]
[SourceTitle "EXT 2010"]
[Source "ChessBase"]
[SourceDate "2010.11.25"]
[SourceVersion "1"]
[SourceVersionDate "2010.11.25"]
[SourceQuality "1"]

1. e4 e5 2. Nc3 Nf6 3. g3 Nc6 4. Bg2 d6 5. Nge2 Be7 6. 0-0 0-0 7. d3 Bg4 8. h3 Be6 9. f4 exf4 10. Nxf4 Qd7 11. d4 Bc4 12. Re1 Rad8 13. b3 Ba6 14. Bb2 Rfe8 15. Ncd5 Nxd5 16. exd5 Nb8 17. Nh5 Qf5 18. g4 Qg6 19. Be4 Qh6 20. Qf3 g6 21. Bc1 Qf8 22. Kh1 Nd7 23. c3 gxh5 24. Qf5 Nf6 25. Bc2 Kh8 26. g5 Qg7 27. gxf6 Qg6 28. Qxg6 hxg6 29. Rxe7 Rxe7 30. fxe7 Re8 31. Bg5 Kg7 32. Re1 Bb5 33. c4 Bd7 34. Kg2 f6 35. Bd2 Bf5 36. Bxf5 gxf5 37. Kf3 Kf7 38. Kf4 Rxe7 39. Rxe7+ Kxe7 40. Kxf5 Kf7 41. Bh6 a6 42. c5 1-0

[Event "Gibraltar Amateurs op-A"]
[Site "Gibraltar"]
[Date "2008.01.23"]
[Round "2"]
[White "Dimitrov, Daniel"]
[Black "Hansen, Linda Marie"]
[Result "1-0"]
[WhiteElo "1000"]
[BlackElo "1675"]
[PlyCount "117"]
[EventDate "2008.01.22"]
[EventType "tourn"]
[EventRounds "5"]
[EventCountry "ENG"]
[SourceTitle "EXT 2010"]
[Source "ChessBase"]
[SourceDate "2010.11.25"]
[SourceVersion "1"]
[SourceVersionDate "2010.11.25"]
[SourceQuality "1"]

1. f4 d5 2. Nf3 g6 3. e3 Bg7 4. d4 Nf6 5. c4 c6 6. b4 dxc4 7. Bxc4 Bg4 8. Qb3 0-0 9. Ne5 e6 10. 0-0 Bf5 11. Nd2 Nbd7 12. Bb2 Nb6 13. Rfe1 Nxc4 14. Qxc4 Be4 15. Nxe4 Nxe4 16. Rad1 Rc8 17. a4 Qe7 18. Ba3 Rfd8 19. Qd3 Nd6 20. b5 cxb5 21. axb5 Qe8 22. Bxd6 Rxd6 23. Nc4 Rdd8 24. Na5 Qd7 25. Rb1 Qc7 26. Nb3 Bf8 27. Rec1 Qd7 28. Nd2 Rc7 29. Ne4 Kg7 30. h4 Rdc8 31. Rxc7 Qxc7 32. h5 Qc2 33. Qxc2 Rxc2 34. Ng3 Be7 35. hxg6 hxg6 36. Rd1 Rb2 37. d5 Rxb5 38. d6 Bd8 39. e4 e5 40. f5 Rb6 41. fxg6 Kxg6 42. Rd5 f6 43. Nf5 Kf7 44. d7 Rb4 45. Rd3 Rxe4 46. Nd6+ Ke6 47. Nxe4 b6 48. g4 a5 49. Nd6 a4 50. Nb5 e4 51. Rd4 e3 52. Re4+ Kxd7 53. Rxa4 Kc6 54. Nc3 b5 55. Re4 Bb6 56. Kf1 b4 57. Rxb4 Ba5 58. Re4 Bxc3 59. Rxe3 1-0

[Event "Gibraltar Amateurs op-A"]
[Site "Gibraltar"]
[Date "2008.01.22"]
[Round "1"]
[White "Hughes, Peter"]
[Black "Dimitrov, Daniel"]
[Result "1/2-1/2"]
[WhiteElo "1749"]
[BlackElo "1000"]
[PlyCount "72"]
[EventDate "2008.01.22"]
[EventType "tourn"]
[EventRounds "5"]
[EventCountry "ENG"]
[SourceTitle "EXT 2010"]
[Source "ChessBase"]
[SourceDate "2010.11.25"]
[SourceVersion "1"]
[SourceVersionDate "2010.11.25"]
[SourceQuality "1"]

1. d4 d6 2. c4 g6 3. Nc3 Bg7 4. e4 Nd7 5. Be2 e5 6. d5 Ne7 7. Nf3 h6 8. 0-0 a6 9. Ne1 Nf6 10. Nd3 Nh7 11. Bd2 f5 12. f4 fxe4 13. Nxe4 Bf5 14. Bf3 Qd7 15. Bc3 Bxe4 16. Bxe4 0-0 17. Qe2 Nf5 18. fxe5 dxe5 19. Bxf5 Rxf5 20. Nc5 Qd6 21. Ne6 Rh5 22. Qe4 Nf8 23. Rxf8+ Rxf8 24. Nxf8 Qxf8 25. g4 Rh4 26. Be1 g5 27. Bxh4 gxh4 28. Rf1 Qe7 29. Rf5 Qb4 30. b3 Qc3 31. g5 Qc1+ 32. Kf2 hxg5 33. Rf3 Qb2+ 34. Qe2 Qd4+ 35. Kg2 g4 36. Rf1 Bh6 1/2-1/2